| 000 | 00389cam a2200157ua 4500 | ||
|---|---|---|---|
| 003 | OSt | ||
| 008 | 250506b |||||||| |||| 00| 0 eng d | ||
| 041 | _aeng | ||
| 082 |
_a624.1517 _bRAY/AD |
||
| 100 |
_aRayner, William Horace. _97459 |
||
| 245 | _aAdvanced surveying, Vol 2 / | ||
| 250 | _a2 / | ||
| 260 |
_aNew Jersy : _bD.Van Nostrand Co. , _c1956. |
||
| 300 | _a369 ; . | ||
| 942 | _cBK | ||
| 999 |
_c9544 _d9544 |
||